000
00353pab a2200157 454500
008
180718b2007 xxu||||| |||| 00| 0 eng d
100
_a
Mukherjee, Aditya
245
_a
The currency question in colonial India
260
_c
2007
300
_a
p.36-40.
362
_a
Aug
650
_a
Currencies
773
_a
Yojana
908
_a
N
909
_a
76873
999
_c
76873
_d
76873